000 00625nam a2200229 a 4500
001 BRL_144
005 20190320210616.0
008 181012s1920----gw-#######---#000-0#ger-#
041 _ager
044 _agw
050 4 _aPN1993.5G3
_b.H37 1920
100 1 _aHasenclever, Walter
_d1890-1940
_923031
245 1 0 _aDie Pest
_bein film
_cWalter Hasenclever.
260 _aBerlin
_bPaul Cassirer
_c1920
300 _a52 p.
_c33 cm.
500 _aEstado físico: encuadernado, enero 2013
500 _aAu146
650 1 4 _aGuiones cinematográficos
_923032
650 1 4 _aCine
_zAlemania
_923033
902 _aGRL
942 _2lcc
_cB
999 _c8957
_d8957